00608nam a2200157 a 450000100100000000500170001000800410002704000250006810000350009324500490012826000360017730000350021371000800024895201050032899900170043300004621020201002052717.0150706s1997 dr ac 000 0 spa d aDO-SdBNPbspacBNPHU1 aLópez Piña, Grabiel97424710aProyecto acuario /cGrabiel López Piña,. aSanto Domingo :b(IDDI),c1997. a12 p. :bil., retrs. ;c32 cm.2 aInstituto Dominicano de Desarrollo Integral (República Dominicana)974248 0010718PDaPDbPDcHDd2015-07-06iLF1l0o p46210-10r2020-06-25w2020-06-25yLFPDZNo se presta c45699d45699